00617nam a2200181Ia 4500008004100000020001500041041000800056082001800064100003700082245006000119250000600179260004400185300001100229650001200240700003700252999001900289952012700308210716s2007 xx 000 0 und d a8131407845 aeng a332.6322 BHAS aBhaskaran, S; Mohanty, Suchitra. aMarketing of livestock and livestock products in india. a1 aHyderabadbICFAI University Pressc2007 aix,263 aFinance aBhaskaran, S; Mohanty, Suchitra. c202381d202381 001040708MBAaAIMITbAIMITd2008-03-03g450.00l0o332.6322 BHASpMBA04947r2026-05-23 00:00:00v225.00w2021-07-16yBK